Transport in tomorrow's countryside (Record no. 102795)

MARC details
000 -LEADER
fixed length control field 00903cam a2200229 4500
001 - CONTROL NUMBER
control field J122229
008 - FIXED-LENGTH DATA ELEMENTS--GENERAL INFORMATION
fixed length control field 030509n2003 000 0 eng u
035 ## - SYSTEM CONTROL NUMBER
System control number (Sirsi) u122229
041 ## - LANGUAGE CODE
Language code of text/sound track or separate title eng
050 ## - LIBRARY OF CONGRESS CALL NUMBER
Classification number 380
-- 18
110 ## - MAIN ENTRY--CORPORATE NAME
Corporate name or jurisdiction name as entry element Countryside Agency
9 (RLIN) 3740
245 ## - TITLE STATEMENT
Title Transport in tomorrow's countryside
260 ## - PUBLICATION, DISTRIBUTION, ETC.
Place of publication, distribution, etc. Wetherby
Name of publisher, distributor, etc. Countryside Agency
Date of publication, distribution, etc. 2003
490 ## - SERIES STATEMENT
Series statement Countryside Agency Publication
Volume/sequential designation CA 143
520 ## - SUMMARY, ETC.
Summary, etc. Sets out a vision of how transport could serve both rural communities and those visiting rural areas. The report also puts forward 10 principles for future transport policy.
650 ## - SUBJECT ADDED ENTRY--TOPICAL TERM
Topical term or geographic name entry element RURAL COMMUNITIES
650 ## - SUBJECT ADDED ENTRY--TOPICAL TERM
Topical term or geographic name entry element RURAL TRANSPORT
650 ## - SUBJECT ADDED ENTRY--TOPICAL TERM
Topical term or geographic name entry element TRANSPORT POLICIES
690 ## - LOCAL SUBJECT ADDED ENTRY--TOPICAL TERM (OCLC, RLIN)
Topical term or geographic name as entry element Rural
9 (RLIN) 6268
856 ## - ELECTRONIC LOCATION AND ACCESS
Uniform Resource Identifier <a href="https://www.cprewiltshire.org.uk/tpp/CA-transport%20in%20tomorrow's%20countryside.pdf">https://www.cprewiltshire.org.uk/tpp/CA-transport%20in%20tomorrow's%20countryside.pdf</a>
Hours access method available View the publication on the Countryside Agency website...
942 ## - ADDED ENTRY ELEMENTS (KOHA)
Suppress in OPAC 0
Holdings
Withdrawn status Lost status Source of classification or shelving scheme Damaged status Not for loan Home library Current library Shelving location Date acquired Total Checkouts Full call number Barcode Date last seen Copy number Price effective from Koha item type
    Dewey Decimal Classification     Virtual Virtual Online 09/05/2003   ONLINE PUBLICATION 122229-2001 06/08/2019 1 06/08/2019 Book